000 00846nam a2200277Ia 4500
003 OSt
005 20220925200024.0
006 a|||||r|||| 00| 0
007 ta
008 220923b |||||||| |||| 00| 0 eng d
020 _a0865311218
037 _cGeneral Book
040 _aRTL
_cRTL
_beng
041 _2eng
_aeng
082 _aY2.73(Y31).N7, M1
100 _aCoward Raymond T Ed.
_9256297
245 0 _aFamily in rural society.
260 _aColorado
_bWestview Press
_c1981
300 _axvi,238p
_ccm.
490 _aWestview Special Studies in Contemporary Social Issues
500 _aBibliography chapterwise
650 _aFamily Sociology
700 _a Smith William M Tr.
_9256298
942 _hY2.73(Y31).N7, M1
_cGB
_2CC
999 _c535104
_d535104